LEADER 01191nam a2200265 4500 001 000000339523 003 CaOOAMICUS 005 20200219000000.0 008 200219s2012 it 000 u ita r 020 $a978-88-400-1537-8 040 $aSeMil$bita 100 1 $aZanini, Paolo,$d<1981- >.$0(OLS)http://semarc/name/82964 245 12$a"Aria di crociata" :$bcattolici italiani di fronte alla nascita dello Stato d'Israele (1945-1951) /$cPaolo Zanini ; prefazione di Luigi Bruti Liberati. 264 1$aMilano :$bUnicopli,$c2012. 300 $a263 p. ;$c21 cm 541 0 $aFondo mons. Mario Delpini 700 1 $aBruti Liberati, Luigi.$0(OLS)http://semarc/name/64954 830 0$aPercorsi del novecento ;$v2.$0(OLS)http://semarc/title/428320 850 $aSeMil 852 $aSeMil$W1$xVenegono$y1$m3V II 320$j221200$B232809$CSeMilBibl$Z2$F232809 $81 941 1 $a7 996 $6020$a978-88-400-1537-8$9(OLS)http://semarc/number/289974 996 $6245$a"Aria di crociata" :$bcattolici italiani di fronte alla nascita dello Stato d'Israele (1945-1951)$9(OLS)http://semarc/title/428319 996 $6264$aMilano :$bUnicopli$9(OLS)http://semarc/publisher/29904 LEADER 01003nam a2200229 i 4500 001 000000084652 003 CaOOAMICUS 005 20160920000000.0 008 160920s1944 it u000 u ita u 013 $a56892 040 $aSeMil$bita 100 1 $aFogazzaro, Antonio,$d<1842-1911>.$0(OLS)http://semarc/name/8574 245 10$aRacconti :$bFedele e altri racconti, Racconti brevi, Idillii spezzati /$cAntonio Fogazzaro ; [edizione a cura di Piero Nardi]. 250 $a2. Edizione. 260 $aMilano :$bMondadori,$c1944. 300 $a306 p. ;$c20 cm. 650 4$aFogazzaro, Antonio <1842-1911> - Opere.$0(OLS)http://semarc/subject/3060 700 1 $aNardi, Piero.$0(OLS)http://semarc/name/1546 850 $aSeMil 852 $aSeMil$W1$xVenegono$y1$m1B II 301$j239101$B48882$CSeMilBibl$Z2$F52251 $81 996 $6245$aRacconti :$bFedele e altri racconti, Racconti brevi, Idillii spezzati$9(OLS)http://semarc/title/131310 996 $6260$aMilano :$bMondadori$9(OLS)http://semarc/publisher/30335